| 000 | 00695nam a2200277Ia 4500 | ||
|---|---|---|---|
| 008 | 160803s9999 xx 000 0 und d | ||
| 020 | _a9780545251051 | ||
| 100 | _aBergen, Lara | ||
| 245 | _aSee you soon, Samantha / | ||
| 245 | _cby Lara Bergen. | ||
| 260 | _aNew York : | ||
| 260 | _bScholastic Inc. | ||
| 260 | _c2010 | ||
| 300 | _a153 pages ; | ||
| 300 | _c20 cm | ||
| 440 | _aA candy apple book. | ||
| 650 | _aNorth Carolina -- | ||
| 650 | _aNorth Carolina -- | ||
| 650 | _aVacations -- | ||
| 650 | _aVacations -- North Carolina -- | ||
| 650 | _xFiction. | ||
| 650 | _xFiction. | ||
| 650 | _xJuvenile fiction. | ||
| 650 | _xJuvenile fiction. | ||
| 700 | _a660 | ||
| 999 |
_c298488 _d298488 |
||